000 00355nam a2200145Ia 4500
008 151213s9999 xx 000 0 und d
100 _aToel Spring
245 _aAmerica Education
_cToel Spring
260 _aBoston
_bMc Graw Hill
_cII
300 _a2074 p.
650 _aEducation America
650 _aReference
700 _aToel Spring
999 _c1525
_d1525